000
00319nam a22001217a 4500
008
260505b |||||||| |||| 00| 0 eng d
082
_a
001674
100
_a
Pallani, Yashpal
245
_a
The Karnataka Education Act 1983
260
_a
Bangalore
_b
Karnataka Law Journal Publsihers
_c
2023
300
_a
1656p
942
_2
ddc
999
_c
1430
_d
1430